00767nam a2200217Ii 45000010005000000030009000050080041000140400033000550410008000880820012000961000027001082450048001352640068001833000012002513360026002633370028002893380027003179400050003449990017003949520138004115533CO-ViMGA241108s9999||||xx |||||||||||||| ||und|| aCO-ViMGAbspaerdacCO-ViMGA0 aunk04a833-Z861 aHermann Zolling95501110aInvierno en agosto (La muralla de Berlín) 1a[Lugar de publicación no identificado] : Ediciones G.P., 1969 avolumen atextbtxt2rdacontent aunmediatedbn2rdamedia avolumebnc2rdacarrier aidficha_siabuc: 5387. -- ficha_no_siabuc:5533 c52359d52359 001040708001aMEVIGERRbMEVIGERRcGENd2006-11-27hVol.1o833-Z86pECA4667r2024-11-26 10:09:06tEj.1w2024-11-26yBKz5387 | 7624